| 000 | 01378nam a2200229Ia 4500 | ||
|---|---|---|---|
| 003 | Ost | ||
| 005 | 20260507075003.0 | ||
| 008 | 260507s9999||||xx |||||||||||||| ||und|| | ||
| 040 | _cfsecg | ||
| 041 | _aara | ||
| 082 | _a658 | ||
| 100 |
_aالسالمي، علاء عبد الرزاق _eمؤلف |
||
| 245 | 0 |
_aالإدارة الإلكترونية / _c علاء عبد الرزاق السالمي |
|
| 260 |
_aعمان: _bدار وائل للطباعة و النشر, _c2008 |
||
| 300 |
_a391 صفحة؛ _bإيضاحات ؛ _c24 سم |
||
| 520 | _aيضم أساسيات الإدارة غير إلكترونية، المدخل الى الادارة وخطوات ادخال الادارة الالكترونية، الحكومة الالكترونية و علاقتها بالادارة الالكترونية، أهمية المعلومات في العملية الادارية، الادارة الالكترونية و نظم المعلومات و معالجة المعلومة، تقنيات الحاسوب، شبكات الادارة وأمن الادارة، تجارب الادارة الالكترونية في بعض الدول العربية و العالم. | ||
| 653 | _aإدارة الأعمال | ||
| 653 | _aالإدارة | ||
| 653 | _aالحواسيب | ||
| 700 |
_aالسلطيني، خالد ابراهيم _eمؤلف ثانوي |
||
| 942 | _cكتاب | ||
| 999 |
_c42095 _d42095 |
||